[Event "ch-FRA Blitz Online Qual"]
[Site "Europe-Chess INT"]
[Date "2020.05.16"]
[Round "15"]
[White "Robine, Guillaume"]
[Black "Lambert Hoareau, Guillaume"]
[Result "1/2-1/2"]
[WhiteElo "1571"]
[BlackElo "1348"]
[WhiteFideId "45127352"]
[BlackFideId "45172323"]
[EventDate "2020.05.16"]

1. e4 d5 2. exd5 Nf6 3. d4 Qxd5 4. Nc3 Qd8 5. Nf3 Nc6 6. Be3 Bg4 7. Be2 e6 8.
O-O Bd6 9. Nb5 a6 10. Nxd6+ Qxd6 11. c3 h5 12. Nh4 O-O-O 13. a4 Rhg8 14. Bg5
Rde8 15. b4 Nb8 16. b5 a5 17. c4 b6 18. Rc1 Nbd7 19. f3 Bf5 20. Bd3 Bxd3 21.
Qxd3 e5 22. Rfd1 exd4 23. Qxd4 Qc5 24. Qxc5 Nxc5 25. Kf2 Nfe4+ 26. fxe4 Nxe4+
27. Kg1 Nxg5 28. Nf5 g6 29. Nd4 Rd8 30. Nc6 Rxd1+ 31. Rxd1 Ne6 32. Rf1 f5 33.
Ne7+ Kd8 34. Nxg8 Ke8 35. Nf6+ Kf7 36. Nd5 Ke8 37. h4 Kd7 38. g3 Kd6 39. Re1 Nc5
40. Ra1 Ne4 41. Kg2 c6 42. bxc6 Kxc6 43. Ne7+ Kc5 44. Nxg6 Kxc4 45. Ne7 Kd4 46.
Nxf5+ Ke5 47. Ng7 Kf6 48. Nxh5+ Kg6 49. Nf4+ Kf5 50. Rb1 Nd2 51. Rxb6 Nc4 52.
Rb5+ Kg4 53. h5 Ne5 54. Rxe5 1/2-1/2

[Event "ch-FRA Blitz Online Qual"]
[Site "Europe-Chess INT"]
[Date "2020.05.16"]
[Round "15"]
[White "Courjal, Juliette"]
[Black "El Barbry, Sarah"]
[Result "1-0"]
[WhiteElo "1388"]
[BlackElo "1779"]
[WhiteFideId "45147833"]
[BlackFideId "26051419"]
[EventDate "2020.05.16"]

1. e4 e6 2. d4 d5 3. Be3 dxe4 4. f3 exf3 5. Nxf3 Nc6 6. c3 Be7 7. Bd3 Nf6 8. O-O
Nd5 9. Bd2 Bf6 10. Qe1 O-O 11. Ne5 h6 12. Qg3 Kh8 13. Qh3 Nxe5 14. dxe5 Bg5 15.
Qh5 g6 16. Qh3 Bxd2 17. Nxd2 Bd7 18. Qxh6+ Kg8 19. Ne4 Be8 20. Nf6+ Nxf6 21.
exf6 1-0

[Event "ch-FRA Blitz Online Qual"]
[Site "Europe-Chess INT"]
[Date "2020.05.16"]
[Round "15"]
[White "Fondrat, Johan"]
[Black "Joly, Charlotte"]
[Result "1-0"]
[WhiteElo "1509"]
[BlackElo "1454"]
[WhiteFideId "45156069"]
[BlackFideId "36022292"]
[EventDate "2020.05.16"]

1. e4 d5 2. exd5 Qxd5 3. d4 c6 4. Nc3 Qa5 5. Bd2 Qc7 6. Nf3 Nf6 7. Bc4 Bg4 8.
O-O e6 9. Bc1 Bd6 10. h3 Bxf3 11. Qxf3 O-O 12. Bg5 Nbd7 13. Rfe1 h6 14. Bxf6
Nxf6 15. Ne4 Nxe4 16. Rxe4 Be7 17. Rae1 Rad8 18. c3 c5 19. dxc5 Qxc5 20. Bb3 Bf6
21. Rg4 Qe7 22. Bc2 Rd5 23. Qe4 g6 24. c4 Re5 25. Qxe5 Bxe5 26. Rxe5 g5 27. h4
Qf6 28. Rb5 Rd8 29. hxg5 hxg5 30. Rbxg5+ Kf8 31. Rg8+ Ke7 32. Rxd8 Kxd8 33. Rg8+
Kc7 34. g3 Qxb2 35. Bb3 Qb1+ 36. Kg2 Qe4+ 37. Kg1 a6 38. Rg7 Qf5 39. Kg2 Qf6 40.
Rg4 e5 41. Rh4 Qc6+ 42. Kg1 e4 43. Rf4 f6 44. g4 Kb6 45. Kh2 Qd6 46. Kg3 Qd3+
47. Kg2 e3 48. Rxf6+ Ka7 49. fxe3 Qxe3 50. Rf3 Qe2+ 51. Kg3 Qe5+ 52. Kh3 Kb6 53.
c5+ Qxc5 54. Rf6+ Ka7 55. Rf5 Qc3+ 56. Kh4 Qe1+ 57. Kh5 Qh1+ 58. Kg6 Qg2 59. g5
Qe4 60. Kf6 Kb8 61. g6 Kc7 62. g7 Qd4+ 63. Kg6 Qd6+ 64. Rf6 Qd3+ 65. Kf7 Qd7+
66. Kg6 Qg4+ 67. Kh7 Qh5+ 68. Rh6 Qf5+ 69. Kh8 Qc8+ 70. g8=Q Qxg8+ 71. Kxg8 Kb8
72. Kf7 Kc7 73. Ke7 Kb8 74. Kd7 Ka7 75. Kc7 a5 76. Rh5 b6 77. Bd5 Ka6 78. Bc6
Ka7 79. Rh8 a4 80. Ra8# 1-0

[Event "ch-FRA Blitz Online Qual"]
[Site "Europe-Chess INT"]
[Date "2020.05.16"]
[Round "15"]
[White "Spano, Remy"]
[Black "Abiven, Pierre-Louis"]
[Result "1-0"]
[WhiteElo "1662"]
[BlackElo "1200"]
[WhiteFideId "26092948"]
[BlackFideId "45168016"]
[EventDate "2020.05.16"]

1. e4 e5 2. Nf3 Nc6 3. Bc4 Bc5 4. d3 Nf6 5. Nbd2 d6 6. c3 Be6 7. Bb3 O-O 8. O-O
Bxb3 9. axb3 Bb6 10. h3 h6 11. Re1 Re8 12. Nf1 a6 13. Ng3 Ne7 14. Nh4 Qd7 15.
Ngf5 Nxf5 16. Nxf5 Kh7 17. Qf3 Ng8 18. Qg3 g6 19. Ne3 Ne7 20. Qh4 h5 21. Ng4 Kg7
22. Nf6 Qd8 23. Nxe8+ Qxe8 24. g4 hxg4 25. hxg4 Qh8 26. Qxh8+ Rxh8 27. Bg5 f6
28. Be3 Bxe3 29. Rxe3 f5 30. gxf5 gxf5 31. Rg3+ Kf6 32. Kg2 fxe4 33. dxe4 Ng6
34. Rh1 Nf4+ 35. Kg1 Ne2+ 36. Kg2 Rxh1 37. Rf3+ Kg5 38. Kxh1 Kg4 39. Rf7 Nc1 40.
Rxc7 Nxb3 41. Rxb7 Nc5 42. Rb6 Nd3 43. Rxd6 Nxf2+ 44. Kg2 Nxe4 45. Rxa6 Nc5 46.
Ra5 Nd3 47. b4 Kf5 48. b5 Nf4+ 49. Kf2 Ne6 50. b6 Nd8 51. Ra8 Nb7 52. Rb8 Nd6
53. b7 Ne4+ 54. Ke3 Nd6 55. Rf8+ Ke6 56. b8=Q Nc4+ 57. Kd3 Nd6 58. Re8+ Nxe8 59.
Qxe8+ Kd5 60. c4+ Kd6 61. Ke4 Kc5 62. Qxe5+ Kxc4 63. Qd6 Kb5 64. Qc7 Kb4 65. Qc6
Kb3 66. Qc5 Kb2 67. Qc4 Kb1 68. Qc3 Ka2 69. Qb4 Ka1 70. Kd3 Ka2 71. Kc2 Ka1 72.
Qa3# 1-0

[Event "ch-FRA Blitz Online Qual"]
[Site "Europe-Chess INT"]
[Date "2020.05.16"]
[Round "15"]
[White "Albaladejo, Sylviane"]
[Black "Desarmaux-Do, Yanis-Huy"]
[Result "0-1"]
[WhiteElo "1025"]
[BlackElo "1803"]
[WhiteFideId "20605218"]
[BlackFideId "45118299"]
[EventDate "2020.05.16"]

1. e4 c5 2. Nf3 Nc6 3. c4 d6 4. Nc3 g6 5. d3 Bg7 6. Nd5 e6 7. Nc3 Nge7 8. Be2
O-O 9. O-O a6 10. Be3 Rb8 11. a3 b5 12. cxb5 axb5 13. Bd2 b4 14. axb4 cxb4 15.
Na2 Bxb2 16. Rb1 Bg7 17. Nxb4 Nxb4 18. Rxb4 Rxb4 19. Bxb4 Nc6 20. Bd2 Ne7 21.
Be3 d5 22. e5 Nf5 23. Bf4 Qa5 24. d4 Ba6 25. Bd2 Qb6 26. Bxa6 Qxa6 27. Qa1 Qc4
28. Qc3 Qxc3 29. Bxc3 Rc8 30. Bb4 Rc4 31. Bc5 Bf8 32. g4 Bxc5 33. dxc5 Rxg4+ 34.
Kh1 Rc4 35. Rb1 Rxc5 36. Rb8+ Kg7 37. Rb7 d4 38. Ng5 Rc6 39. Rxf7+ Kh6 40. h4
Nxh4 41. Rxh7+ Kxg5 42. Rf7 d3 43. f4+ Kg4 44. Rd7 Rc1+ 45. Kh2 Nf3+ 46. Kg2
Rc2+ 47. Kf1 d2 48. Ke2 Rc1 49. Rxd2 Nxd2 50. Kxd2 Rf1 51. Ke3 Rxf4 52. Kd3 Rf5
53. Kd4 Kf4 54. Kc5 Rxe5+ 55. Kd6 g5 56. Ke7 g4 57. Kf6 g3 58. Ke7 g2 59. Kd7
g1=Q 60. Ke7 Qg7+ 61. Kd6 Rd5+ 62. Kc6 Qd7+ 63. Kb6 Rb5+ 64. Ka6 Qb7# 0-1

[Event "ch-FRA Blitz Online Qual"]
[Site "Europe-Chess INT"]
[Date "2020.05.16"]
[Round "15"]
[White "Paralieu, Emma"]
[Black "Sureau, Corentin"]
[Result "1-0"]
[WhiteElo "1312"]
[BlackElo "1686"]
[WhiteFideId "45154163"]
[BlackFideId "36067687"]
[EventDate "2020.05.16"]

1. e4 c5 2. Nf3 Nc6 3. c3 e5 4. d4 cxd4 5. cxd4 exd4 6. Nxd4 Bc5 7. Be3 Qb6 8.
Nxc6 dxc6 9. Bxc5 Qxc5 10. Nc3 Be6 11. Be2 Ne7 12. Qc2 O-O 13. O-O Qg5 14. Bf3
Ng6 15. Ne2 Nh4 16. Qc3 Bh3 17. Ng3 Nxf3+ 18. Qxf3 Bg4 19. Qc3 h5 20. h3 Bxh3
21. gxh3 h4 22. Kh2 hxg3+ 23. fxg3 Rae8 24. Qf3 Re6 25. Rg1 Rd8 26. Rg2 Rh6 27.
h4 Rd2 28. Rg1 Qe5 29. Rxd2 Rxh4+ 30. Kg2 Rxe4 31. Rh1 Re3 32. Qf4 Re2+ 33. Rxe2
Qxe2+ 34. Qf2 Qe4+ 35. Kg1 Qb1+ 36. Kh2 Qh7+ 37. Kg2 Qe4+ 38. Qf3 Qc2+ 39. Kh3
Qh7+ 40. Kg2 Qc2+ 41. Kf1 Qc1+ 42. Kf2 Qc2+ 43. Qe2 Qf5+ 44. Ke1 Qb1+ 45. Qd1
Qe4+ 46. Kd2 Qd4+ 47. Kc1 Qe3+ 48. Kb1 Qxg3 49. Qd8# 1-0

[Event "ch-FRA Blitz Online Qual"]
[Site "Europe-Chess INT"]
[Date "2020.05.16"]
[Round "15"]
[White "Fronius, Lino"]
[Black "Drieu, Hugo"]
[Result "0-1"]
[WhiteElo "1313"]
[BlackElo "1425"]
[WhiteFideId "36050083"]
[BlackFideId "45170738"]
[EventDate "2020.05.16"]

1. e4 e5 2. Nf3 Nc6 3. Bc4 Bc5 4. c3 Nf6 5. d4 exd4 6. cxd4 Bb4+ 7. Bd2 Bxd2+ 8.
Nbxd2 d5 9. exd5 Nxd5 10. O-O O-O 11. a3 Be6 12. b4 Nc3 13. Qb3 Bxc4 14. Qxc4
Na4 15. Nb3 Nb6 16. Qc2 Qd5 17. Rad1 Rad8 18. Nc5 Nc4 19. Qc3 b6 20. Nb3 Nxa3
21. Rc1 Rd6 22. Rfd1 Nb5 23. Qd2 Rfd8 24. Ra1 Qxb3 25. Qg5 Nbxd4 26. Nh4 Ne2+ 0-1

[Event "ch-FRA Blitz Online Qual"]
[Site "Europe-Chess INT"]
[Date "2020.05.16"]
[Round "15"]
[White "Menoux, Abel"]
[Black "Ghazaryan, Gor"]
[Result "0-1"]
[WhiteElo "1141"]
[BlackElo "1431"]
[WhiteFideId "36087173"]
[BlackFideId "45137595"]
[EventDate "2020.05.16"]

1. d4 Nf6 2. Nf3 e6 3. Bf4 b6 4. e3 Bb7 5. c4 c5 6. Bd3 Nc6 7. Nc3 d5 8. Nb5 Rc8
9. cxd5 Nxd5 10. Bg5 Be7 11. Bxe7 Qxe7 12. dxc5 bxc5 13. O-O O-O 14. Nc3 Nxc3
15. bxc3 Qf6 16. Qb1 Rc7 17. Bxh7+ Kh8 18. Be4 Ba6 19. Re1 Rb8 20. Qc2 Ne5 21.
Nxe5 Qxe5 22. c4 Rb4 23. Bd3 Rd7 24. Red1 Rb2 25. Qa4 Qf6 26. Qxd7 Qxf2+ 27. Kh1
Qxg2# 0-1

[Event "ch-FRA Blitz Online Qual"]
[Site "Europe-Chess INT"]
[Date "2020.05.16"]
[Round "15"]
[White "Stajkovski, Stefan"]
[Black "Lequang, Enzo"]
[Result "1-0"]
[WhiteElo "1428"]
[BlackElo "1068"]
[WhiteFideId "551053250"]
[BlackFideId "551052911"]
[EventDate "2020.05.16"]

1. e4 e5 2. Nf3 Nc6 3. d4 exd4 4. Nxd4 Bc5 5. Be3 Qf6 6. c3 Nge7 7. g3 d6 8. Bg2
Bxd4 9. cxd4 Bd7 10. Nc3 O-O-O 11. O-O Ng6 12. f4 Be8 13. Nd5 Qe6 14. f5 Qd7 15.
fxg6 hxg6 16. Rc1 f6 17. b4 Bf7 18. Qa4 f5 19. b5 Bxd5 20. exd5 Nb8 21. Rc6 bxc6
22. bxc6 Qe7 23. Bf2 Rdf8 24. Rb1 Qd8 25. Rxb8+ Kxb8 26. Qb5+ Ka8 27. Qb7# 1-0

[Event "ch-FRA Blitz Online Qual"]
[Site "Europe-Chess INT"]
[Date "2020.05.16"]
[Round "15"]
[White "Villevieille, Theo"]
[Black "Pothieux, Philippe"]
[Result "0-1"]
[WhiteElo "1109"]
[BlackElo "1796"]
[WhiteFideId "45177970"]
[BlackFideId "20606036"]
[EventDate "2020.05.16"]

1. e4 e6 2. d4 d5 3. exd5 exd5 4. Bd3 Nf6 5. Ne2 Bg4 6. Bg5 Be7 7. Nbc3 O-O 8.
O-O c6 9. h3 Bh5 10. Qd2 Bg6 11. Nf4 Bxd3 12. Qxd3 Nbd7 13. Qg3 Re8 14. Qg4 Qb6
15. Bh6 g6 16. Bg5 Nxg4 17. Bxe7 Rxe7 18. hxg4 Qxd4 19. g3 Nf6 20. g5 Ne4 21.
Rae1 Rae8 22. Re2 Nxc3 23. bxc3 Qxc3 24. Rxe7 Rxe7 25. Rb1 b5 26. Nd3 Qxc2 0-1

[Event "ch-FRA Blitz Online Qual"]
[Site "Europe-Chess INT"]
[Date "2020.05.16"]
[Round "15"]
[White "Capouilliet, Sylvain"]
[Black "Plaidit, Hugo"]
[Result "1-0"]
[WhiteElo "1821"]
[BlackElo "1319"]
[WhiteFideId "660337"]
[BlackFideId "551003066"]
[EventDate "2020.05.16"]

1. d4 Nf6 2. Bg5 Ne4 3. Bf4 c5 4. f3 Nf6 5. d5 d6 6. e4 g6 7. Bd3 Bg7 8. Ne2
Nxe4 9. fxe4 Bxb2 10. Nbc3 Bxa1 11. Qxa1 O-O 12. O-O f6 13. Bh6 Re8 14. Nf4 a6
15. Qe1 b5 16. Qg3 g5 17. h4 g4 18. Ne6 Bxe6 19. dxe6 Kh8 20. Qxg4 Rg8 21. Qf5
Rg6 22. Bd2 Qg8 23. Rf2 Nc6 24. h5 Rg7 25. Nd5 Ne5 26. h6 Rg4 27. Nxe7 Qf8 28.
Nd5 Re8 29. e7 Qg8 30. Nxf6 Qxa2 31. Qxh7# 1-0

[Event "ch-FRA Blitz Online Qual"]
[Site "Europe-Chess INT"]
[Date "2020.05.16"]
[Round "15"]
[White "Kvashyna, Tetyana"]
[Black "Coutton, Aurelien"]
[Result "1-0"]
[WhiteElo "1764"]
[BlackElo "1211"]
[WhiteFideId "641510"]
[BlackFideId "45121443"]
[EventDate "2020.05.16"]

1. d4 d5 2. Nf3 c6 3. e3 Nf6 4. Bd3 Bg4 5. c4 dxc4 6. Bxc4 b5 7. Bd3 Nbd7 8.
Nbd2 e5 9. dxe5 Nxe5 10. Be2 Nxf3+ 11. Nxf3 Bb4+ 12. Bd2 Bxd2+ 13. Nxd2 Bxe2 14.
Qxe2 O-O 15. O-O Qc7 16. Rad1 Rad8 17. Nf3 Rfe8 18. Qc2 Ng4 19. h3 Nf6 20. Nd4
Rd6 21. Nxb5 Rd2 22. Rxd2 Qb8 23. Nd4 Ne4 24. Rd3 Re5 25. Qxc6 h6 26. f3 Ng3 27.
Rc1 Qxb2 28. Rc2 Qb1+ 29. Kh2 Nf1+ 30. Kg1 Nxe3+ 31. Kf2 Nxc2 32. Nxc2 Qxc2+ 33.
Qxc2 Re8 34. Rd7 Rb8 35. Qf5 Rb2+ 36. Kg3 f6 37. Qg6 Rb8 38. Qxg7# 1-0

[Event "ch-FRA Blitz Online Qual"]
[Site "Europe-Chess INT"]
[Date "2020.05.16"]
[Round "15"]
[White "Leccia, Thomas"]
[Black "Hegedus, Pascal"]
[Result "1-0"]
[WhiteElo "1893"]
[BlackElo "1283"]
[WhiteFideId "36087270"]
[BlackFideId "20604289"]
[EventDate "2020.05.16"]

1. e4 c5 2. Nf3 e6 3. b3 Nc6 4. Bb2 Qc7 5. d4 cxd4 6. Nxd4 e5 7. Nf3 Nf6 8. Nc3
d6 9. Bd3 Be6 10. O-O Be7 11. Re1 Rc8 12. Bf1 a6 13. Rc1 b5 14. a3 O-O 15. Nd2
Nd7 16. Nd5 Bxd5 17. exd5 Nd8 18. c4 Nc5 19. Ne4 f5 20. Nxc5 dxc5 21. Bxe5 Bd6
22. Bxd6 Qxd6 23. Be2 bxc4 24. bxc4 Nf7 25. Bf3 Ng5 26. g3 Rce8 27. Bg2 h6 28.
Qa4 Ne4 29. f3 Nd2 30. Rxe8 Rxe8 31. Qxe8+ Kh7 32. Qe6 Qd8 33. Qxf5+ Kh8 34. Qd3
Nb3 35. Qxb3 Qf6 36. Qe3 Qb2 37. f4 a5 38. Be4 a4 39. Bg6 1-0

[Event "ch-FRA Blitz Online Qual"]
[Site "Europe-Chess INT"]
[Date "2020.05.16"]
[Round "15"]
[White "Coelho, Laurent"]
[Black "Minde, Baptiste"]
[Result "1-0"]
[WhiteElo "1617"]
[BlackElo "1210"]
[WhiteFideId "45104840"]
[BlackFideId "45172110"]
[EventDate "2020.05.16"]

1. e4 e6 2. d4 d5 3. Nc3 Bb4 4. a3 Bxc3+ 5. bxc3 Nf6 6. e5 Ne4 7. Qg4 O-O 8. Bd3
f5 9. exf6 Qxf6 10. Nf3 Nxc3 11. Bg5 Qf7 12. O-O e5 13. Qh4 e4 14. Ne5 Qg6 15.
Nxg6 exd3 16. Ne7+ Kh8 17. Nxc8 Rxc8 18. cxd3 Re8 19. Rfe1 Nc6 20. Qh5 g6 21.
Bf6+ Kg8 22. Qh6 Ne2+ 23. Rxe2 Re7 24. Rxe7 Nxe7 25. Qg7# 1-0

[Event "ch-FRA Blitz Online Qual"]
[Site "Europe-Chess INT"]
[Date "2020.05.16"]
[Round "15"]
[White "Thibous, Leo"]
[Black "Gouait, Raymond"]
[Result "0-1"]
[WhiteElo "1380"]
[BlackElo "1566"]
[WhiteFideId "45136084"]
[BlackFideId "20621604"]
[EventDate "2020.05.16"]

1. Nf3 Nf6 2. c4 c5 3. b3 d6 4. Bb2 g6 5. g3 Bg7 6. Bg2 O-O 7. O-O Nc6 8. e3 e5
9. d4 exd4 10. exd4 Nd7 11. Na3 a6 12. Rb1 Re8 13. Nc2 Rb8 14. d5 Nce5 15. Nxe5
Bxe5 16. Bxe5 Nxe5 17. f4 Bg4 18. Qd2 Nd7 19. h3 Bf5 20. g4 Bxc2 21. Qxc2 Qf6
22. Rfe1 Qd4+ 23. Kh1 Qxf4 24. Rf1 Qg5 25. Qf2 f6 26. Qf3 Rf8 27. Qf4 Ne5 28.
Be4 Qh4 29. Kg2 Rf7 30. Rf2 Rbf8 31. Rbf1 Kh8 32. Qg3 Qg5 33. Rf4 h5 34. h4 Qh6
35. g5 fxg5 36. Rxf7 Rxf7 37. Rxf7 Nxf7 38. hxg5 Qxg5 39. Qxg5 Nxg5 40. Bxg6 h4
41. Bf5 Kg7 42. Bc8 b6 43. Bxa6 Kf6 44. Bc8 Ke5 45. a3 Kd4 46. Ba6 Kc3 47. b4
Kb3 48. bxc5 bxc5 49. a4 Kxa4 50. Bb5+ Kb4 51. Kh2 Kc3 52. Kg2 Kd4 53. Kh2 Ke3
54. Bd7 Kf3 55. Bf5 Kf2 56. Be6 Kf3 57. Bf5 Ke3 58. Be6 Kd4 59. Bd7 Kxc4 60. Bc6
Kd4 61. Bb7 c4 62. Bc6 c3 63. Ba4 Kxd5 64. Bc2 Kd4 65. Kg2 Ke3 66. Bf5 d5 67.
Bc2 d4 68. Bf5 d3 69. Bxd3 Kxd3 70. Kh2 c2 71. Kg2 c1=Q 72. Kh2 Qd2+ 73. Kg1
Nf3+ 74. Kf1 Qe1+ 75. Kg2 Qg3+ 76. Kf1 Nh2# 0-1

[Event "ch-FRA Blitz Online Qual"]
[Site "Europe-Chess INT"]
[Date "2020.05.16"]
[Round "15"]
[White "Payet, Thomas"]
[Black "Deurvillier, Martial"]
[Result "1/2-1/2"]
[WhiteElo "1356"]
[BlackElo "1556"]
[WhiteFideId "45151300"]
[BlackFideId "26017091"]
[EventDate "2020.05.16"]

1. e3 c6 2. d4 d5 3. c4 Bf5 4. Nf3 e6 5. Bd3 Bxd3 6. Qxd3 Nf6 7. cxd5 exd5 8.
Nc3 Be7 9. Qd1 O-O 10. O-O Nbd7 11. Bd2 Re8 12. Re1 h6 13. e4 dxe4 14. Nxe4 Nxe4
15. Rxe4 Nf6 16. Re1 Nd5 17. a3 Bf6 18. Rxe8+ Qxe8 19. Qe1 Qxe1+ 20. Rxe1 Kf8
21. Ne5 Rd8 22. Bc3 Be7 23. a4 Bf6 24. h3 Bxe5 25. dxe5 Nb6 26. b3 Nd5 27. Bd4
a6 28. e6 f6 29. Bc5+ Ke8 30. Bd4 Ke7 31. Bc5+ Ke8 32. Bd4 Nf4 33. Bb6 Rd6 34.
Bc7 Rxe6 35. Rxe6+ Nxe6 36. Ba5 Kd7 37. Bd2 Nd4 38. b4 Ke6 39. f4 f5 40. g4 g6
41. gxf5+ Kxf5 42. Kf2 Nb3 43. Bc3 h5 44. Ke2 b5 45. a5 Ke4 46. Bd2 Nd4+ 47. Ke1
Nf5 48. Bc1 Kd3 49. Kf2 Ke4 50. Ke2 Nd4+ 51. Kf2 Nb3 52. Be3 Nd4 53. Bc1 Nf3 54.
Kf1 Nd4 55. Kf2 1/2-1/2

[Event "ch-FRA Blitz Online Qual"]
[Site "Europe-Chess INT"]
[Date "2020.05.16"]
[Round "15"]
[White "Guigay, Joel"]
[Black "Muller, Lorelei"]
[Result "0-1"]
[WhiteElo "1315"]
[BlackElo "1541"]
[WhiteFideId "45174016"]
[BlackFideId "20669208"]
[EventDate "2020.05.16"]

1. e4 e6 2. Nf3 d5 3. exd5 exd5 4. d4 Bf5 5. Nc3 c6 6. Be2 Nf6 7. Bg5 Be7 8. Qd2
Nbd7 9. O-O h6 10. Bf4 Ne4 11. Nxe4 Bxe4 12. Rfe1 Nf6 13. Ne5 Qc8 14. f3 Bf5 15.
Bd3 Bxd3 16. Qxd3 Nh5 17. Be3 O-O 18. Bf2 Bd6 19. Qe2 Re8 20. c3 f6 21. f4 fxe5
22. Qxh5 exf4 23. Rxe8+ Qxe8 24. Qg4 Qc8 25. Qf5 Qf8 26. Qe6+ Kh8 27. Re1 Bc7
28. Qd7 Qd6 29. Qg4 Rf8 30. Re6 Qd8 31. Bh4 Qc8 32. h3 Re8 33. Re7 Rxe7 34. Bxe7
Qe8 35. Bh4 Qe3+ 36. Bf2 Qc1+ 37. Kh2 f3+ 38. g3 Qd2 39. Qxf3 Qxb2 40. Qf8+ Kh7
41. Qf5+ Kh8 42. Qc8+ Kh7 43. Qf5+ Kh8 44. Kg2 Bb6 45. Qf8+ Kh7 46. Qf5+ Kh8 47.
Qc8+ Kh7 48. Qxb7 Qxc3 49. Qf7 Qc2 50. Qf5+ Qxf5 51. g4 Qf8 52. Kg3 Qd6+ 53. Kg2
Bc7 54. Kf1 a6 55. Ke2 a5 56. Be3 Kg8 57. a3 Kf7 58. Kd3 Ke6 59. Kd2 Qxa3 60.
Ke2 Qa2+ 61. Kf3 Qh2 62. Bf2 Qxh3+ 63. Ke2 Qxg4+ 64. Kf1 h5 65. Be3 h4 66. Bf2
h3 67. Ke1 h2 68. Kd2 h1=Q 69. Be3 Qhd1+ 70. Kc3 Qe1+ 71. Bd2 Qxd2+ 72. Kxd2
Bf4+ 73. Kc3 Qf3+ 74. Kc2 Qe2+ 75. Kc3 Qc4+ 76. Kb2 Bc1+ 77. Kb1 Qb4+ 78. Kxc1
Qa3+ 79. Kd2 a4 80. Ke2 Qc3 81. Kf2 Kf5 82. Ke2 Ke4 83. Kd1 Qb2 84. Ke1 Kf3 85.
Kd1 Ke3 86. Ke1 Qe2# 0-1

[Event "ch-FRA Blitz Online Qual"]
[Site "Europe-Chess INT"]
[Date "2020.05.16"]
[Round "15"]
[White "De Smet, Fabrice"]
[Black "De Nave, Julien"]
[Result "0-1"]
[WhiteElo "1520"]
[BlackElo "1177"]
[WhiteFideId "45129657"]
[BlackFideId "45188360"]
[EventDate "2020.05.16"]

1. e4 c5 2. c3 d6 3. d4 cxd4 4. Qxd4 e5 5. Qd1 Nf6 6. Bd3 Nc6 7. Nd2 Be6 8. Ngf3
Be7 9. O-O O-O 10. b3 d5 11. exd5 Bxd5 12. c4 Be6 13. Re1 Bd6 14. Bb2 Bg4 15. h3
Bxf3 16. Nxf3 Re8 17. Be4 Nxe4 18. Rxe4 f6 19. Qd5+ Kh8 20. Rd1 Bc7 21. a3 Qe7
22. b4 Rad8 23. Qc5 Rxd1+ 24. Kh2 Qxc5 25. bxc5 h6 26. Nh4 Rb1 27. Bc3 Rb3 28.
Bd2 Rxa3 29. Nf5 Nd4 30. Rh4 Nxf5 0-1

[Event "ch-FRA Blitz Online Qual"]
[Site "Europe-Chess INT"]
[Date "2020.05.16"]
[Round "15"]
[White "Kosciusko-Morizet, Antoine"]
[Black "Hsu, Victor"]
[Result "1-0"]
[WhiteElo "1293"]
[BlackElo "1476"]
[WhiteFideId "45166749"]
[BlackFideId "551034107"]
[EventDate "2020.05.16"]

1. e4 e5 2. Nf3 Nc6 3. Bb5 Nd4 4. Bc4 Nxf3+ 5. Qxf3 Nf6 6. O-O Bc5 7. c3 d6 8.
h3 O-O 9. d3 Be6 10. Bb3 Bxb3 11. axb3 Re8 12. Be3 Bxe3 13. fxe3 c5 14. Nd2 Qb6
15. Kh1 Nd7 16. Qxf7+ Kh8 17. Qxd7 1-0

[Event "ch-FRA Blitz Online Qual"]
[Site "Europe-Chess INT"]
[Date "2020.05.16"]
[Round "15"]
[White "Mirguet, Ulysse"]
[Black "Monmaille, Eric"]
[Result "0-1"]
[WhiteElo "1105"]
[BlackElo "1400"]
[WhiteFideId "36044300"]
[BlackFideId "26064529"]
[EventDate "2020.05.16"]

1. e4 e5 2. Nf3 Nc6 3. Bb5 Nf6 4. Nc3 Bc5 5. Bxc6 dxc6 6. O-O Bg4 7. h3 Bh5 8.
g4 Nxg4 9. hxg4 Bxg4 10. d3 Qf6 11. Kg2 h5 12. Bg5 Qg6 13. Qd2 f6 14. Be3 Bxf3+
15. Kxf3 Qg4# 0-1

[Event "ch-FRA Blitz Online Qual"]
[Site "Europe-Chess INT"]
[Date "2020.05.16"]
[Round "15"]
[White "Richard, Maxime"]
[Black "Gusev, Mickael"]
[Result "1-0"]
[WhiteElo "1436"]
[BlackElo "1032"]
[WhiteFideId "20643411"]
[BlackFideId "551081997"]
[EventDate "2020.05.16"]

1. d4 d5 2. c4 Nf6 3. Nf3 e6 4. Nc3 Bb4 5. Bg5 O-O 6. e3 c6 7. Qc2 Nbd7 8. Bd3
h6 9. Bh4 Qc7 10. O-O a6 11. Rac1 b5 12. c5 Ba5 13. Bg3 Qd8 14. Bd6 Re8 15. Ne5
Nxe5 16. dxe5 Nd7 17. f4 b4 18. Ne2 Bc7 19. Nd4 Bxd6 20. cxd6 Qc7 21. Nxc6 Nb6
22. dxc7 Nc4 23. Bxc4 dxc4 24. Qxc4 Bd7 25. Nb8 Bb5 26. c8=Q Rxc8 27. Qxc8+ Kh7
28. Qb7 Bxf1 29. Rxf1 b3 30. axb3 Rxb8 31. Qxb8 g6 32. Rc1 h5 33. Rc7 Kh6 34.
Rxf7 g5 35. Qh8+ Kg6 36. Qg7# 1-0

[Event "ch-FRA Blitz Online Qual"]
[Site "Europe-Chess INT"]
[Date "2020.05.16"]
[Round "15"]
[White "Colette, Thierry"]
[Black "Rajaobelina, Hery"]
[Result "0-1"]
[WhiteElo "1411"]
[BlackElo "1592"]
[WhiteFideId "36056758"]
[BlackFideId "36054836"]
[EventDate "2020.05.16"]

1. e4 c5 2. Nc3 e6 3. g3 d6 4. Bg2 a6 5. f4 Nd7 6. Nf3 Qc7 7. d3 Be7 8. O-O Ngf6
9. f5 O-O 10. fxe6 fxe6 11. Nh4 Ne5 12. Bf4 Nfg4 13. Bh3 Bd7 14. Bxg4 Nxg4 15.
Qxg4 e5 16. Qd1 exf4 17. Nd5 Qd8 18. Rxf4 Rxf4 19. Nxe7+ Qxe7 20. gxf4 Qxh4 21.
f5 d5 22. Qf3 Qg5+ 23. Kh1 dxe4 24. dxe4 Bc6 25. Rg1 Qe7 26. h3 Bxe4 0-1

[Event "ch-FRA Blitz Online Qual"]
[Site "Europe-Chess INT"]
[Date "2020.05.16"]
[Round "15"]
[White "Negre, Maxime"]
[Black "Kollar, Guillaume"]
[Result "1-0"]
[WhiteElo "1105"]
[BlackElo "1439"]
[WhiteFideId "45187231"]
[BlackFideId "36001732"]
[EventDate "2020.05.16"]

1. e4 c5 2. Nf3 d6 3. d4 cxd4 4. Nxd4 Nf6 5. Nc3 g6 6. Be3 Bg7 7. Bd3 Ng4 8. Qd2
Nxe3 9. Qxe3 O-O 10. O-O Qb6 11. Nb3 Qxe3 12. fxe3 Nc6 13. Nd2 Nb4 14. a3 Nxd3
15. cxd3 Be6 16. Nf3 a6 17. d4 b5 18. e5 Bc4 19. Rfc1 d5 20. Nd2 Bh6 21. Re1 e6
22. Nxc4 dxc4 23. Ne4 a5 24. Kf2 b4 25. axb4 axb4 26. Ke2 b3 27. Nd6 Ra2 28.
Rxa2 bxa2 29. Ra1 Ra8 30. Nxc4 Bf8 31. Kd3 Bb4 32. b3 Kf8 33. Kc2 Ke7 34. Kb2 f6
35. exf6+ Kxf6 36. Rxa2 Bc3+ 37. Kb1 Rb8 38. Kc2 Bb4 39. Kd3 h6 40. e4 Rd8 41.
Ra4 Bd6 42. b4 Bxh2 43. b5 e5 44. d5 Rb8 45. Rb4 Bg1 46. Ne3 1-0